| 000 | 01490nab a2200253 i 4500 | ||
|---|---|---|---|
| 001 | 768714001 | ||
| 003 | CO-MdFUSB | ||
| 005 | 20240723093659.0 | ||
| 008 | 240723t1988 enk||||| |||| 00| 0 eng d | ||
| 040 |
_bspa _cCO-MdFUSB _dCO-MdFUSB |
||
| 041 | _aeng | ||
| 100 |
_aFiorenza, Elisabeth Schüssler. _eautor |
||
| 245 | 1 |
_a"Waiting at table" : _ba critical feminist theological reflection on diakonia _c/ Elisabeth Schüssler Fiorenza |
|
| 520 | _aUna reflexión teológica feminista crítica sobre la diaconía. Aunque el término "servicio" tiene implicaciones sociales negativas que socavan su significado original, se ha convertido en un símbolo central de la renovación de la "eclesiología de servicio" con objetivos progresistas. En un esfuerzo por salvar este emblema bíblico, la teología feminista argumenta en contra de sus consecuencias políticas y culturales como medio para oprimir a las mujeres, subrayando el "servicio" inherentemente desinteresado como central para la identidad cristiana | ||
| 546 | _aTexto en inglés. | ||
| 650 | 0 |
_aEvangelización _9362 |
|
| 650 | 0 |
_aServicio social religioso _91176 |
|
| 650 | 7 |
_aIglesia _9655 |
|
| 650 | 7 |
_aTeología dogmática _96937 |
|
| 650 | 7 |
_aTeología feminista _9681 |
|
| 773 | 0 |
_070507 _982837 _dLondres : Board, 1966. _oR2689 _tConcilium : _w(CO-MdFUSB)768714001 _x0010-5236 _gVolumen 198, (número 4, 1988), páginas: 84 - 94 _qpágina: 84 |
|
| 942 | _cANA | ||
| 945 | _aCatherine Arias Álvarez - Practicante SENA | ||
| 999 |
_c70556 _d70556 |
||